000 00294nam a22001337a 4500
008 170315b xxu||||| |||| 00| 0 eng d
020 _a9780076588633
041 _aeng
080 _a611
100 _a7
101 _aSHM
245 _aHOLE HUMAN ANATOMY PHYSIOLOGY
_cSHIER.D
942 _2udc
_cBK
999 _c7918
_d7918